Kluby mladých manažérov
Guardado en:
| Autor principal: | |
|---|---|
| Formato: | Capítulo de libro |
| Lenguaje: | eslovaco |
| Etiquetas: |
Sin Etiquetas, Sea el primero en etiquetar este registro!
|
MARC
| LEADER | 00000naa a2200000 4500 | ||
|---|---|---|---|
| 001 | 0150833 | ||
| 005 | 20240502072716.2 | ||
| 041 | 0 | |a slo | |
| 044 | |a SK | ||
| 245 | 1 | 0 | |a Kluby mladých manažérov |c Miroslav Kmeťko |
| 100 | 1 | |a Kmeťko, Miroslav, 1969- | |